000 00845nam a22002417a 4500
003 OSt
005 20250911114623.0
008 250911t |||ad||| |||| 00| 0 spa d
037 _bDonación
040 _aCO-JMCR
_bspa
_cCO-JMCR
_dCO-JMCR
_erda
041 0 _aspa
082 0 4 _223
_a320.5
_bP43i
100 1 _aPérez, Cordoba, Susana,
_eautora.
_944306
245 1 0 _aInfluencia sociopolítica en la educación Pasto 1876-1886 /
_cSusana Pérez Cordoba, Elvia Quintero Guerrero.
250 _a1° edición.
264 _aSan juan de Pasto:
_bGraficolor,
_c1999.
300 _a159 páginas :
_bIlustraciones, gráficos ;
_c21 cm.
504 _aContiene bibliografía (página 157)
650 2 4 _2JMCR
_aIdeologías políticas
650 2 4 _2JMCR
_aSociopolítica
_944307
700 1 _aQuintero Guerrero, Elvia,
_eautora.
_944308
942 _2ddc
_cBK
999 _c31073
_d17457